Injections in Aesthetic Medicine Atlas of Full-face and Full-body Treatment /

The use of injectables, known as dermal fillers, is becoming ever more popular in aesthetic medicine. Full-face and full-body treatments using such fillers are increasingly substituting for various surgical techniques; not only do they provide immediate results at a lower cost, but they also avoid t...

Πλήρης περιγραφή

Λεπτομέρειες βιβλιογραφικής εγγραφής
Συγγραφή απο Οργανισμό/Αρχή: SpringerLink (Online service)
Άλλοι συγγραφείς: Goisis, Mario (Επιμελητής έκδοσης)
Μορφή: Ηλεκτρονική πηγή Ηλ. βιβλίο
Γλώσσα:English
Έκδοση: Milano : Springer Milan : Imprint: Springer, 2014.
Θέματα:
Διαθέσιμο Online:Full Text via HEAL-Link
LEADER 02954nam a22004455i 4500
001 978-88-470-5361-8
003 DE-He213
005 20151204144921.0
007 cr nn 008mamaa
008 131217s2014 it | s |||| 0|eng d
020 |a 9788847053618  |9 978-88-470-5361-8 
024 7 |a 10.1007/978-88-470-5361-8  |2 doi 
040 |d GrThAP 
050 4 |a R1 
072 7 |a MB  |2 bicssc 
072 7 |a MED000000  |2 bisacsh 
082 0 4 |a 610  |2 23 
245 1 0 |a Injections in Aesthetic Medicine  |h [electronic resource] :  |b Atlas of Full-face and Full-body Treatment /  |c edited by Mario Goisis. 
264 1 |a Milano :  |b Springer Milan :  |b Imprint: Springer,  |c 2014. 
300 |a XI, 297 p. 825 illus., 822 illus. in color.  |b online resource. 
336 |a text  |b txt  |2 rdacontent 
337 |a computer  |b c  |2 rdamedia 
338 |a online resource  |b cr  |2 rdacarrier 
347 |a text file  |b PDF  |2 rda 
505 0 |a 1 Fillers -- 2 Aesthetic analysis of the face: the maxillofacial deformity -- 3 Standard Evaluation of the patient: the Merz Scale -- 4 Temporal fossa -- 5 Frontal area -- 6 Malar area -- 7 Tear Trough -- 8 Nasolabial Folds -- 9 Nose -- 10 Marionette Lines -- 11 Lips -- 12 Chin -- 13 Neck -- 14 Arms -- 15 Hands -- 16 Breast -- 17 Gluteus -- 18 Calf -- 19 Scars -- 20 Full-face and Full-body Treatment -- 21 Complications -- 22 Customer Relationship Management in Aesthetic Medicine -- 23 Complementary treatments -- 24 Products. 
520 |a The use of injectables, known as dermal fillers, is becoming ever more popular in aesthetic medicine. Full-face and full-body treatments using such fillers are increasingly substituting for various surgical techniques; not only do they provide immediate results at a lower cost, but they also avoid the use of general anesthesia and shorten the recovery period. In addition, dermal fillers can be successfully used for body remodeling, for example in patients with bow legs and those requiring breast remodeling.This book outlines the fundamental principles of the use of different fillers and injection techniques in the treatment of facial and body areas. An impressive collection of sequential color photographs illustrate the procedures step by step and demonstrate the results. The volume will be an invaluable tool for aesthetic doctors, practicing dermatologists, plastic surgeons, and all other physicians interested in the field of aesthetic medicine.   . 
650 0 |a Medicine. 
650 0 |a Dermatology. 
650 0 |a Plastic surgery. 
650 1 4 |a Medicine & Public Health. 
650 2 4 |a Medicine/Public Health, general. 
650 2 4 |a Plastic Surgery. 
650 2 4 |a Dermatology. 
700 1 |a Goisis, Mario.  |e editor. 
710 2 |a SpringerLink (Online service) 
773 0 |t Springer eBooks 
776 0 8 |i Printed edition:  |z 9788847053601 
856 4 0 |u http://dx.doi.org/10.1007/978-88-470-5361-8  |z Full Text via HEAL-Link 
912 |a ZDB-2-SME 
950 |a Medicine (Springer-11650)